Spanisch die Farben lernen - Statistiken

Allgemein
  • Dieses Quiz wurde 31 mal gespielt
  • Das Durchschnittsergebnis liegt bei 8 aus 15
Antwortstatistiken
Deutsch Spanisch % Korrekt
Schwarz Negro
96%
Weiß Blanco
92%
Blau Azul
88%
Rot Rojo
88%
Grün Verde
80%
Orange Naranja
76%
Rosa/pink Rosa
72%
Gelb Amarillo
64%
Grau Gris
60%
Braun Marrón
52%
Purpur Violeta
16%
Hellblau Azul claro
12%
Dunkelblau Azul oscuro
12%
Gold Dorado
8%
Silberfarben Plateado
8%
Keine übereinstimmenden Quizze gefunden
Verteilung der Resultate
Anzahl Personen mit jedem Resultat
Perzentil nach korrekt beantworteten Fragen
Ihre Resultats-Entwicklung
Sie haben dieses Quiz noch nicht gespielt